000 00759nam a2200229Ii 4500
003 JO-AjNU
008 230605s9999||||xx |||||||||||||| ||und||
017 _a2006/10980
020 _a977-5954-15-3
040 _aJO-AjNU
_bara
_erda
_cJO-AjNU
041 _aara
050 1 4 _aPJ7561.A226 2006
100 3 _aالشافعي،مصطفى عبد الشافي,
_eauthor
_934068
245 0 0 _aفي الشعر الحديث والمعاصر
250 _aط1
264 3 1 _aالإسكندرية:دار الوفاء لدنيا الطباعة والنشر،2006
300 _a116ص
336 _atext
_btxt
_2rdacontent
337 _aunmediated
_bn
_2rdamedia
338 _avolume
_bnc
_2rdacarrier
650 4 _a الشعر العربي-تاريخ ونقد
_934069
999 _aA13929
_c17497
_d17497